| 000 | 00000nam 2200000zi 4500 |
| 001 | 9.939851 |
| 003 | CaOODSP |
| 005 | 20250403110811 |
| 006 | m o d f |
| 007 | cr mn||||||||| |
| 008 | 240626t20242024onc obs f000 0 fre d |
| 040 | |aCaOODSP|bfre|erda|cCaOODSP |
| 043 | |an-cn--- |
| 086 | 1 |aCS36-28-0001/2024-6-6F-PDF |
| 100 | 1 |aCharters, Thomas, |eauteur. |
| 245 | 10|aMise à jour du profil des enfants associés à des réponses affirmatives aux questions du Recensement de 2021 sur la difficulté à accomplir des activités de la vie quotidienne / |cpar Thomas Charters, Rubab Arim et Leanne Findlay. |
| 264 | 1|a[Ottawa] : |bStatistique Canada = Statistics Canada, |c2024. |
| 264 | 4|c©2024 |
| 300 | |a1 ressource en ligne (12 pages). |
| 336 | |atexte|btxt|2rdacontent/fre |
| 337 | |ainformatique|bc|2rdamedia/fre |
| 338 | |aressource en ligne|bcr|2rdacarrier/fre |
| 490 | 1 |aRapports économiques et sociaux, |x2563-8963 ; |vVol. 4, no. 6, juin 2024 |
| 500 | |aTitre de la couverture. |
| 500 | |a« Date de diffusion : le 26 juin 2024. » |
| 500 | |aPublié aussi en anglais sous le titre : An update on the profile of children with affirmative responses to the 2021 Census questions on difficulties with activities of daily living. |
| 504 | |aComprend des références bibliographiques (pages 10-12). |
| 650 | 6|aEnfants handicapés|zCanada|vStatistiques. |
| 655 | 7|aStatistiques|2rvmgf |
| 710 | 2 |aStatistique Canada, |eorganisme de publication. |
| 775 | 08|tAn update on the profile of children with affirmative responses to the 2021 Census questions on difficulties with activities of daily living / |w(CaOODSP)9.939850 |
| 830 | #0|aRapports économiques et sociaux (Statistique Canada)|x2563-8963 ; |vVol. 4, no. 6, juin 2024.|w(CaOODSP)9.895770 |
| 856 | 40|qPDF|s587 Ko|uhttps://publications.gc.ca/collections/collection_2024/statcan/36-28-0001/CS36-28-0001-2024-6-6-fra.pdf |
| 856 | 4 |qHTML|sS.O.|uhttps://www150.statcan.gc.ca/n1/pub/36-28-0001/2024006/article/00006-fra.htm |